000 02162nam0a2200373 4500
001 RU\NLR\b_ik\192326
005 20260408083540.0
010 _a978-5-91344-304-5
_9150
035 _a(NLR Aleph) 002264767
090 _a3868534
_c3868534
100 _a20111107d2011 |||y0rusy50 ca
101 0 _aeng
102 _aRU
105 _aab |||||||||
200 1 _aLarge igneous provinces of Asia: mantle plumes and metallogeny
_e[International symposium], Irkutsk, Russia, August 20-23, 2011
_eabstract volume
_f[comp.: Dr.sci. Dmitry P. Gladkochub, PhD Tatiana V. Donskaya]
210 _aIrkutsk
_cПетрографика
_d2011
215 _a315 с.
_cил., карт.
_d21
300 _aВ вып. дан.: Крупные магматические провинции Азии: мантийные плюмы и металлогения: материалы научного совещания, Иркутск, 20-23 августа 2011 г.
300 _aВ надзаг.: Russ. acad. of sciences, Siberian branch, Inst. of the Earth's crust
320 _aБиблиогр. в конце докл.
320 _aУказ.: с. 314-315
517 0 _aКрупные магматические провинции Азии: мантийные плюмы и металлогения
_eматериалы научного совещания, Иркутск, 20-23 августа 2011 г.
606 1 _aПлюмы
_jСъезды, совещания и т.п.
_yАзия
_92496322
_3RU\NLR\AUTH\661480846
606 1 _aМеталлогения
_jСъезды, совещания и т.п.
_yАзия
_91591307
_3RU\NLR\AUTH\66699485
686 1 _aД312.1я431(0)
686 1 _aД451-09(5)я431(0)
702 1 _aGladkočub
_bD. P.
_gDmitrij Petrovič
_4220
711 1 2 _8eng
_a"Large igneous provinces of Asia, mantle plumes and metallogeny", international symposium
_f2011
_eIrkutsk
_7ba
_3RU\NLR\AUTH\8810224739
_9334161
712 0 2 _4570
_8eng
_aInstitute of the earth's crust
_cIrkutsk
_7ba
_3RU\NLR\AUTH\8810224736
_9334156
801 0 _aRU
_bNLR
_c20111107
_gRCR
942 _cBOOK
980 _aNB